| 000 | 00489nam a2200169 a 4500 | ||
|---|---|---|---|
| 005 | 20140310183412.0 | ||
| 008 | 070910s19uu xx 00 eng d | ||
| 020 | _a0495111279 | ||
| 050 |
_aQD 251.2 _b.M43 2007 |
||
| 100 | _aMcMurry, John | ||
| 245 |
_aOrganic chemistry : _ba biological approach / _cJohn McMurry. |
||
| 260 |
_aAustralia : _bThomson Brooks/Cole, _c2007. |
||
| 300 |
_a1015 p. : _bcol. ill. ; _c25 cm. |
||
| 650 | _aChemistry. | ||
| 942 |
_cBK _2lcc _kFOR |
||
| 999 |
_c22515 _d22515 |
||